000 00604nam a2200229Ia 4500
003 OSt
005 20220928122308.0
006 a|||||r|||| 00| 0
007 ta
008 220927b |||||||| |||| 00| 0 eng d
024 _a36804
037 _cTextual
040 _aSDCL
_cSDCL
_beng
041 _2eng
_aeng
082 _aS:55, M7
100 _aBrickman Philip
_9457246
245 0 _aCommitment, conflict and caring.
260 _aEnglewwod
_bCliffs Prentice-Hall
_c1987
300 _axiv,317p.
_ccm.
942 _hS:55, M7
_cTEXL
_2CC
999 _c770740
_d770740